Type the Alphabet in Order - Sudden Death - Statistics

General Stats
  • This quiz has been taken 133 times
  • The average score is 22 of 26
Answer Stats
Letter % Correct
A
100%
B
96%
C
96%
D
96%
E
96%
F
94%
G
91%
H
89%
I
89%
J
85%
K
85%
L
83%
M
81%
N
81%
O
81%
P
81%
Q
81%
R
77%
S
77%
T
75%
U
75%
V
74%
W
72%
X
66%
Y
66%
Z
66%
No matching quizzes found
Score Distribution
Percent of People with Each Score
Percentile by Number Answered
Your Score History
You have not taken this quiz